000 00352nam a2200157Ia 4500
003 OSt
008 191201s2012 xx 000 0 und d
082 _a624.171
_bWAI
100 _aWANG, CK
245 0 _aIntermediate Structural Analysis
250 _arep
260 _aN. Delhi
_bTMH
_c2012
300 _a790
650 _aB.Tech(CE)
942 _2ddc
_cBK
999 _c5847
_d5847